[Event "15. Sparkassen Open 2016 - Gruppe B"]
[Site "Forchheim"]
[Date "2016.10.03"]
[Round "5.18"]
[White "Knauer, Olaf"]
[Black "Mantel, Hubert"]
[Result "1/2-1/2"]
[WhiteElo "1834"]
[BlackElo "1787"]
[PlyCount "92"]
[EventDate "2016.??.??"]
[WhiteTeam "SK Weidhausen"]
[BlackTeam "Zabo-Eintracht Nürnberg"]

1. d4 e6 2. Nf3 d5 3. c4 f5 4. g3 Nf6 5. Bg2 c6 6. c5 Be7 7. O-O O-O 8. b4 Ne4
9. Ne5 Nd7 10. Nxd7 Bxd7 11. f3 Ng5 12. Nc3 Bf6 13. e4 fxe4 14. fxe4 Nxe4 15.
Nxe4 dxe4 16. Bxe4 Be8 17. Bb2 Qd7 18. Qd3 Bg6 19. Bxg6 hxg6 20. Rad1 Qd5 21.
a3 Rad8 22. Rf4 g5 23. Re4 Rd7 24. Qe3 e5 25. Re1 exd4 26. Qd3 Qf5 27. Rf1 Qd5
28. Rd1 Rfd8 29. Rde1 Rf8 30. Re6 Kf7 31. Rxf6+ Kxf6 32. Rf1+ Ke7 33. Qe2+ Qe6
34. Qxe6+ Kxe6 35. Rxf8 d3 36. Rf1 Kd5 37. Rd1 Kc4 38. Rd2 g4 39. Kf2 Re7 40.
Kf1 g6 41. Rf2 Kb3 42. Bc1 Kc3 43. Rd2 b6 44. cxb6 axb6 45. Rf2 Re6 46. Bb2+
Kb3 1/2-1/2

[Event "15. Sparkassen Open 2016 - Gruppe B"]
[Site "Forchheim"]
[Date "2016.10.03"]
[Round "5.19"]
[White "Stoll, Stefan"]
[Black "Großner, Josef"]
[Result "1/2-1/2"]
[WhiteElo "2003"]
[BlackElo "1888"]
[PlyCount "41"]
[EventDate "2016.??.??"]
[WhiteTeam "SK Mering"]
[BlackTeam "SF Fürth"]

1. d4 Nf6 2. c4 e6 3. Nc3 d5 4. Bg5 Be7 5. e3 h6 6. Bh4 O-O 7. Nf3 b6 8. cxd5
exd5 9. Ne5 c5 10. Bd3 Bb7 11. f4 Nbd7 12. O-O Ne8 13. Bxe7 Qxe7 14. Qh5 Nef6
15. Qh4 Qd8 16. g4 Ne4 17. Qh3 a6 18. Qg2 Nxe5 19. fxe5 Ng5 20. Rf2 Ne6 21. Bf5
1/2-1/2

[Event "15. Sparkassen Open 2016 - Gruppe B"]
[Site "Forchheim"]
[Date "2016.10.03"]
[Round "5.20"]
[White "Reichel, Günther"]
[Black "Schmitz, Tim"]
[Result "0-1"]
[WhiteElo "1741"]
[BlackElo "1808"]
[PlyCount "53"]
[EventDate "2016.??.??"]
[WhiteTeam "SC-SF Stockstadt"]
[BlackTeam "SC Sendling"]

1. c4 Nf6 2. Nc3 g6 3. Nf3 Bg7 4. g3 O-O 5. Bg2 d6 6. O-O Nc6 7. d3 e5 8. Bg5
h6 9. Bxf6 Bxf6 10. Nd5 Bg7 11. Qc2 Be6 12. a3 Ne7 13. Ne3 Qd7 14. Rfd1 f5 15.
Nd2 c6 16. b4 f4 17. Nef1 d5 18. Rab1 Nf5 19. Nb3 b6 20. c5 b5 21. e4 dxe4 22.
Ne3 Rf7 23. Re1 Raf8 24. Re2 Nd4 25. Nxd4 exd4 26. Nf1 Bg4 27. Ree1 0-1

[Event "15. Sparkassen Open 2016 - Gruppe B"]
[Site "Forchheim"]
[Date "2016.10.03"]
[Round "5.21"]
[White "Brenzinger, Thomas"]
[Black "Bandau, Frank"]
[Result "1-0"]
[WhiteElo "1781"]
[BlackElo "1643"]
[PlyCount "87"]
[EventDate "2016.??.??"]
[WhiteTeam "SK Mannheim-Lindenhof"]
[BlackTeam "SK Goslar"]

1. d4 Nf6 2. c4 g6 3. Nc3 Bg7 4. e4 d6 5. Be2 O-O 6. Bg5 e5 7. dxe5 dxe5 8.
Qxd8 Rxd8 9. Bxf6 Bxf6 10. Nd5 Nd7 11. Nxc7 Rb8 12. Rd1 Nc5 13. Nd5 Rd6 14.
Nxf6+ Rxf6 15. Rd8+ Kg7 16. Bg4 Bxg4 17. Rxb8 Nd3+ 18. Kd2 Nxf2 19. h3 Nxh1 20.
hxg4 Rf2+ 21. Ke3 Rxb2 22. Nf3 Nf2 23. Nxe5 f6 24. Nd3 Nxd3 25. Kxd3 Kh6 26. c5
Rxa2 27. Rxb7 Ra5 28. Kd4 Ra1 29. c6 Rc1 30. Kd5 a5 31. Ra7 Rd1+ 32. Ke6 Rc1
33. Kd7 Rd1+ 34. Kc8 Rc1 35. Kb7 Rb1+ 36. Kc8 Rc1 37. c7 a4 38. Rxa4 Kg5 39.
Kd7 Rd1+ 40. Ke6 Rc1 41. Kd6 Rc2 42. Ra5+ f5 43. Rc5 Rb2 44. Ke6 1-0

[Event "15. Sparkassen Open 2016 - Gruppe B"]
[Site "Forchheim"]
[Date "2016.10.03"]
[Round "5.22"]
[White "Goda, Frederic"]
[Black "Sindermann, Peter"]
[Result "0-1"]
[WhiteElo "1695"]
[BlackElo "1964"]
[PlyCount "63"]
[EventDate "2016.??.??"]
[WhiteTeam "SC Weiße Dame Ulm"]
[BlackTeam "SK Weilheim"]

1. d4 b5 2. Bf4 e6 3. e3 Bb7 4. Nf3 a6 5. Be2 c5 6. c3 Nf6 7. O-O Nc6 8. h3
cxd4 9. cxd4 Be7 10. Nc3 Rc8 11. d5 Nb4 12. dxe6 dxe6 13. a3 Nbd5 14. Nxd5 Nxd5
15. Bh2 O-O 16. Qd3 Bf6 17. Rab1 b4 18. e4 Nb6 19. Bd6 Be7 20. e5 Bxd6 21. exd6
Nd5 22. Qd4 Qxd6 23. Ne5 Rfd8 24. Nc4 Qe7 25. Qg4 bxa3 26. Na5 a2 27. Ra1 Nf6
28. Qa4 Rd2 29. Bc4 Rxb2 30. Bxa2 Be4 31. Qd4 Rcc2 32. Rad1 0-1

[Event "15. Sparkassen Open 2016 - Gruppe B"]
[Site "Forchheim"]
[Date "2016.10.03"]
[Round "5.23"]
[White "Meyer, Robert"]
[Black "Obernöder, Thomas"]
[Result "0-1"]
[WhiteElo "1748"]
[BlackElo "1767"]
[PlyCount "78"]
[EventDate "2016.??.??"]
[WhiteTeam "SC Stein"]
[BlackTeam "SK Weilheim"]

1. d4 Nf6 2. Nf3 e6 3. e3 b6 4. Be2 Bb7 5. O-O Be7 6. c4 O-O 7. Nc3 Ne4 8. Nxe4
Bxe4 9. b3 f5 10. Nd2 Bb7 11. Bf3 d5 12. cxd5 exd5 13. g3 Na6 14. a3 Bf6 15.
Rb1 c5 16. dxc5 Nxc5 17. Bb2 Rc8 18. Bxf6 Qxf6 19. b4 Ne4 20. Bxe4 fxe4 21. Qb3
Kh8 22. Qb2 Qf5 23. Nb3 Rf6 24. Nd4 Qh3 25. f4 exf3 26. Rf2 Qh6 27. Qd2 Re8 28.
Re1 Qh5 29. Ref1 Ref8 30. Qd1 Bc8 31. Qd2 Bh3 32. Re1 Bg2 33. Rc1 Rh6 34. Rxg2
fxg2 35. Qxg2 Qe5 36. Re1 Rhf6 37. Qh3 Qe4 38. Nb5 Qd3 39. a4 Qd2 0-1

[Event "15. Sparkassen Open 2016 - Gruppe B"]
[Site "Forchheim"]
[Date "2016.10.03"]
[Round "5.24"]
[White "Balhar, Michael"]
[Black "Schubert, Nikita"]
[Result "0-1"]
[WhiteElo "1769"]
[BlackElo "1775"]
[PlyCount "38"]
[EventDate "2016.??.??"]
[WhiteTeam "SC Erlangen"]
[BlackTeam "ESV Gera"]

1. d4 Nf6 2. c4 e6 3. Nf3 b6 4. g3 Bb7 5. Bg2 c5 6. O-O cxd4 7. Nxd4 Bxg2 8.
Kxg2 Be7 9. Nc3 O-O 10. e4 Nc6 11. Nf3 d6 12. Qe2 a6 13. Rd1 Qc7 14. b3 Rfd8
15. Bb2 Rd7 16. Rac1 Nd8 17. Ba3 Nb7 18. Nd4 Rad8 19. f4 Qb8 0-1

[Event "15. Sparkassen Open 2016 - Gruppe B"]
[Site "Forchheim"]
[Date "2016.10.03"]
[Round "5.25"]
[White "Nitzsche, Pia"]
[Black "Paeslack, Luis"]
[Result "1/2-1/2"]
[WhiteElo "1669"]
[BlackElo "1794"]
[PlyCount "56"]
[EventDate "2016.??.??"]
[WhiteTeam "Chemnitzer SC Aufbau"]
[BlackTeam "SK Mainaschaff"]

1. c4 c5 2. Nc3 g6 3. g3 Bg7 4. Bg2 Nc6 5. Nf3 e6 6. d3 Nge7 7. O-O d5 8. cxd5
exd5 9. Bg5 O-O 10. Qd2 b6 11. Nxd5 Qxd5 12. Bxe7 Nxe7 13. Nh4 Qh5 14. Bxa8 g5
15. Bf3 Qh6 16. Ng2 g4 17. Qxh6 Bxh6 18. Ba8 Ba6 19. Ne3 Bxe3 20. fxe3 Rxa8 21.
Rf4 h5 22. Raf1 f5 23. e4 c4 24. dxc4 Bxc4 25. exf5 Bxa2 26. f6 Nd5 27. Rf5 Kf7
28. Rxh5 Kg6 1/2-1/2

[Event "15. Sparkassen Open 2016 - Gruppe B"]
[Site "Forchheim"]
[Date "2016.10.03"]
[Round "5.26"]
[White "Buzatu, Alexander"]
[Black "Doll, Alexander"]
[Result "1-0"]
[WhiteElo "1580"]
[BlackElo "1484"]
[PlyCount "49"]
[EventDate "2016.??.??"]
[WhiteTeam "SC Erlangen"]
[BlackTeam "SC Untergrombach"]

1. e4 e5 2. Nf3 Nc6 3. Bc4 Bc5 4. O-O Nf6 5. d4 Bxd4 6. Nxd4 Nxd4 7. Bg5 d6 8.
f4 Ne6 9. fxe5 dxe5 10. Qxd8+ Nxd8 11. Nc3 c6 12. Rad1 O-O 13. Bxf6 gxf6 14.
Rxf6 Kg7 15. Rdf1 Ne6 16. Bxe6 Bxe6 17. Nd1 Rad8 18. R6f3 Bg4 19. Rg3 Kh6 20.
Rxg4 Rd2 21. Ne3 Re2 22. Rf6+ Kh5 23. Rf3 h6 24. Nf5 Rh8 25. Rg7 1-0

[Event "15. Sparkassen Open 2016 - Gruppe B"]
[Site "Forchheim"]
[Date "2016.10.03"]
[Round "5.27"]
[White "Semenova, Alisa"]
[Black "Hetzner, Hannes"]
[Result "1-0"]
[WhiteElo "1646"]
[BlackElo "1368"]
[PlyCount "53"]
[EventDate "2016.??.??"]
[WhiteTeam "SC Noris-Tarrasch Nürnberg"]
[BlackTeam "SC Erlangen"]

1. e4 e6 2. d4 d5 3. exd5 exd5 4. Bd3 Bd6 5. Qf3 Nf6 6. h3 Nc6 7. c3 O-O 8. Ne2
Ne7 9. Bg5 Ne4 10. Bxe4 dxe4 11. Qxe4 Be6 12. O-O Bd5 13. Qd3 Qd7 14. Bxe7 Qxe7
15. Nd2 Qf6 16. c4 Bc6 17. c5 Bxc5 18. dxc5 Rad8 19. Qc2 Qg5 20. Ne4 Qg6 21.
N2g3 Rfe8 22. Rfe1 h5 23. f4 Kf8 24. f5 Bxe4 25. Nxe4 Qxf5 26. Qc4 Qf4 27. Nd6
1-0

[Event "15. Sparkassen Open 2016 - Gruppe B"]
[Site "Forchheim"]
[Date "2016.10.03"]
[Round "5.28"]
[White "Glück, Ulrich"]
[Black "Zirlik, Rudi"]
[Result "0-1"]
[WhiteElo "1743"]
[BlackElo "1873"]
[PlyCount "55"]
[EventDate "2016.??.??"]
[WhiteTeam "MSA Zugzwang"]
[BlackTeam "SV Unterkochen"]

1. d4 f5 2. c4 Nf6 3. Nc3 e6 4. Bg5 Be7 5. Nf3 O-O 6. e4 Nxe4 7. Bxe7 Qxe7 8.
Bd3 Nxc3 9. bxc3 b6 10. O-O Bb7 11. Re1 Qf6 12. Rb1 d6 13. Qe2 Bxf3 14. Qxf3
Nd7 15. Qc6 Qe7 16. Qxc7 Rfc8 17. Qb7 Qf7 18. Qf3 Rf8 19. Re2 e5 20. Qd5 Qxd5
21. cxd5 e4 22. Bb5 Rf7 23. Re3 Rc8 24. f3 Nf6 25. a4 Nxd5 26. Ree1 Nxc3 27.
Rbc1 Rfc7 28. Rcd1 0-1

[Event "15. Sparkassen Open 2016 - Gruppe B"]
[Site "Forchheim"]
[Date "2016.10.03"]
[Round "5.29"]
[White "Rierl, Klaus"]
[Black "Dietlmeier, Tobias"]
[Result "1/2-1/2"]
[WhiteElo "1756"]
[BlackElo "1595"]
[PlyCount "65"]
[EventDate "2016.??.??"]
[WhiteTeam "SG Sonneberg"]
[BlackTeam "TV Tegernsee"]

1. Nf3 d5 2. d4 c6 3. e3 Bf5 4. Bd3 Bg6 5. Bxg6 hxg6 6. Qe2 e6 7. Nbd2 Bd6 8.
h3 Nd7 9. c3 Ngf6 10. e4 dxe4 11. Nxe4 Nxe4 12. Qxe4 Nf6 13. Qe2 Qc7 14. Bd2
Be7 15. Bg5 Nh5 16. Bxe7 Qxe7 17. Qe3 Qd6 18. g3 O-O-O 19. O-O-O Nf6 20. Qe5
Qd5 21. Qxd5 Nxd5 22. Ne5 Rhf8 23. h4 Ne7 24. Nd3 Nd5 25. Ne5 Nf6 26. Rd2 Nd7
27. Nd3 Rfe8 28. Nc5 Nxc5 29. dxc5 f6 30. Rxd8+ Kxd8 31. f4 Ke7 32. Kc2 Kd8 33.
c4 1/2-1/2

[Event "15. Sparkassen Open 2016 - Gruppe B"]
[Site "Forchheim"]
[Date "2016.10.03"]
[Round "5.30"]
[White "Rosenhain, Thomas"]
[Black "Werner, Denis"]
[Result "1-0"]
[WhiteElo "1860"]
[BlackElo "1595"]
[PlyCount "113"]
[EventDate "2016.??.??"]
[WhiteTeam "Schachpinguine Berlin"]
[BlackTeam "SC Garching"]

1. d4 d5 2. c4 c6 3. e3 Nf6 4. Nc3 a6 5. c5 Bf5 6. Nf3 Nbd7 7. Be2 e6 8. Bd2
Be7 9. O-O O-O 10. Nh4 Bg6 11. Nxg6 hxg6 12. Qc2 e5 13. Rfb1 b5 14. cxb6 Qxb6
15. dxe5 Nxe5 16. Na4 Qb7 17. Nc5 Bxc5 18. Qxc5 Ne4 19. Qb4 Qxb4 20. Bxb4 Rfb8
21. Ba5 Ra7 22. b3 c5 23. Rc1 Nd7 24. Rd1 Nef6 25. Rac1 Re8 26. Bf3 c4 27. bxc4
dxc4 28. Be2 Ne5 29. Bxc4 Nxc4 30. Rxc4 Rb7 31. Bc3 Nd5 32. Bd4 Reb8 33. g3 Rb1
34. Rxb1 Rxb1+ 35. Kg2 Rb4 36. Rxb4 Nxb4 37. a3 Nc2 38. Bc5 Ne1+ 39. Kf1 Nf3
40. Ke2 Ng1+ 41. Kd3 Nf3 42. h4 Ne5+ 43. Kc3 f6 44. Bd4 Kf7 45. Bxe5 fxe5 46.
Kd3 Ke6 47. Kc4 Kf5 48. f3 e4 49. g4+ Kf6 50. f4 Ke6 51. a4 a5 52. Kc5 Ke7 53.
Kd5 Kd7 54. Kxe4 Kc6 55. Kd4 Kd6 56. e4 Ke6 57. Kc5 1-0

[Event "15. Sparkassen Open 2016 - Gruppe B"]
[Site "Forchheim"]
[Date "2016.10.03"]
[Round "5.31"]
[White "Köhl, Marko"]
[Black "Nahlik, Bernhard"]
[Result "1/2-1/2"]
[WhiteElo "1544"]
[BlackElo "1600"]
[PlyCount "47"]
[EventDate "2016.??.??"]
[WhiteTeam "SK Rothenburg"]
[BlackTeam "SC Ansbach"]

1. e4 d6 2. d4 Nf6 3. Nc3 g6 4. Bd3 Bg7 5. Nge2 O-O 6. f3 c5 7. dxc5 dxc5 8.
O-O Nc6 9. Bb5 Qb6 10. Bxc6 Qxc6 11. Nf4 e6 12. Qe1 b5 13. Nce2 a5 14. Be3 Rd8
15. Qf2 Nd7 16. c3 Ba6 17. h4 b4 18. Rfd1 Bf8 19. cxb4 axb4 20. Nh5 Bxe2 21.
Rxd7 Rxd7 22. Nf6+ Kg7 23. Nxd7 Qxd7 24. Qxe2 1/2-1/2

[Event "15. Sparkassen Open 2016 - Gruppe B"]
[Site "Forchheim"]
[Date "2016.10.03"]
[Round "5.32"]
[White "Ganser, Ganokorn"]
[Black "Hartewig, Anja"]
[Result "0-1"]
[WhiteElo "1714"]
[BlackElo "1790"]
[PlyCount "62"]
[EventDate "2016.??.??"]
[WhiteTeam "SC Böblingen"]
[BlackTeam "Chemnitzer SC Aufbau"]

1. Nf3 Nf6 2. g3 g6 3. Bg2 Bg7 4. d4 O-O 5. O-O d6 6. c4 Nbd7 7. Nc3 c5 8. e4
cxd4 9. Nxd4 Ne5 10. b3 Bg4 11. f3 Bd7 12. Be3 Nc6 13. Qd2 g5 14. Rac1 Nxd4 15.
Bxd4 b5 16. cxb5 Bxb5 17. Rf2 Rc8 18. Qb2 Bd7 19. Rfc2 Bh6 20. Nd5 Nxd5 21.
Rxc8 Bxc8 22. f4 Nf6 23. Rd1 Bg7 24. e5 dxe5 25. fxe5 Nh5 26. Bf3 Be6 27. Kf2
Qc8 28. Rd3 f6 29. Re3 fxe5 30. Bxe5 Bxe5 31. Qe2 Bd4 0-1

[Event "15. Sparkassen Open 2016 - Gruppe B"]
[Site "Forchheim"]
[Date "2016.10.03"]
[Round "5.33"]
[White "Erdösi, Niko"]
[Black "Askri, Samir"]
[Result "1/2-1/2"]
[WhiteElo "1492"]
[BlackElo "1806"]
[PlyCount "68"]
[EventDate "2016.??.??"]
[WhiteTeam "TV Tegernsee"]
[BlackTeam "DJK Amberg"]

1. e4 c5 2. Nf3 d6 3. d4 cxd4 4. Nxd4 Nf6 5. Nc3 a6 6. Be2 e5 7. Nb3 Be7 8. Be3
Qc7 9. f3 b5 10. a3 Nbd7 11. O-O Bb7 12. Qd2 O-O 13. Rfd1 Rac8 14. Rac1 Nb6 15.
Bxb6 Qxb6+ 16. Kh1 Rfd8 17. Qe1 d5 18. exd5 Nxd5 19. Nxd5 Bxd5 20. Qf1 Bg5 21.
Nd2 Bb7 22. Bd3 Qh6 23. Qe2 Bf4 24. h3 Rc7 25. Rb1 Qe6 26. Nb3 f5 27. Re1 Re8
28. Nd4 Qb6 29. Nxf5 g6 30. Ne3 Bg3 31. Red1 Rce7 32. Be4 Bxe4 33. fxe4 Rb7 34.
Rf1 Rf8 1/2-1/2

[Event "15. Sparkassen Open 2016 - Gruppe B"]
[Site "Forchheim"]
[Date "2016.10.03"]
[Round "5.34"]
[White "Nettelbeck, Jann"]
[Black "Roth, Jakob"]
[Result "1-0"]
[WhiteElo "1739"]
[BlackElo "1872"]
[PlyCount "81"]
[EventDate "2016.??.??"]
[WhiteTeam "Turm Kandel"]
[BlackTeam "Spvgg Stetten"]

1. d4 d5 2. c4 c6 3. Nf3 Nf6 4. Nc3 dxc4 5. a4 Bf5 6. Bf4 Nbd7 7. e3 Nb6 8. a5
Nbd5 9. Bxc4 Nxf4 10. exf4 e6 11. O-O Qc7 12. g3 Bd6 13. Ne5 Rd8 14. Qe2 h6 15.
f3 c5 16. Nb5 Qb8 17. g4 Bh7 18. Nxf7 Be7 19. Nxh8 a6 20. Nf7 axb5 21. Nxd8
bxc4 22. Nxe6 Bd3 23. Nxg7+ Kf8 24. Qe6 Qxf4 25. Nf5 Bxf5 26. Qxf5 Qxd4+ 27.
Rf2 c3 28. bxc3 Qxc3 29. Rb1 Qxa5 30. Rxb7 Qa8 31. Rfb2 Qa1+ 32. Kg2 Qe1 33.
Qc8+ Ne8 34. Qf5+ Nf6 35. Qd3 Qe5 36. Re2 Qd5 37. Qxd5 Nxd5 38. Re5 Nf4+ 39.
Kf1 Bd6 40. Rf5+ Ke8 41. Rb6 1-0

[Event "15. Sparkassen Open 2016 - Gruppe B"]
[Site "Forchheim"]
[Date "2016.10.03"]
[Round "5.35"]
[White "Mönius, Oliver"]
[Black "Grasser, Stefan"]
[Result "1-0"]
[WhiteElo "1787"]
[BlackElo "1756"]
[PlyCount "22"]
[EventDate "2016.??.??"]
[WhiteTeam "SC Höchstadt/Aisch"]
[BlackTeam "SV Hellern"]

1. e4 c5 2. Nf3 Nc6 3. d4 cxd4 4. Nxd4 e5 5. Nb3 d6 6. Nc3 Nf6 7. Bg5 Be7 8.
Qd2 b6 9. Be2 O-O 10. O-O Ne8 11. Be3 d5 1-0

[Event "15. Sparkassen Open 2016 - Gruppe B"]
[Site "Forchheim"]
[Date "2016.10.03"]
[Round "5.37"]
[White "Völk, Tobias"]
[Black "Jacob, Karl-Heinz"]
[Result "1-0"]
[WhiteElo "1677"]
[BlackElo "1744"]
[PlyCount "103"]
[EventDate "2016.??.??"]
[WhiteTeam "SC JÄKLECHEMIE"]
[BlackTeam "SG Sonneberg"]

1. e4 d5 2. exd5 Qxd5 3. Nc3 Qd6 4. d4 Nf6 5. Nf3 a6 6. Bg5 Bg4 7. Bd3 Nc6 8.
Be3 O-O-O 9. O-O Bxf3 10. Qxf3 Nxd4 11. Bxd4 Qxd4 12. Bxa6 Qb6 13. Bd3 e6 14.
Rfb1 Bd6 15. a4 Kd7 16. Ne4 Ke7 17. Nxf6 gxf6 18. a5 Qd4 19. g3 f5 20. Re1 h5
21. c3 Qg7 22. Bxf5 h4 23. Qxb7 hxg3 24. hxg3 Rh5 25. Be4 Rdh8 26. Bg2 Bxg3 27.
fxg3 Qxg3 28. Kf1 Qf4+ 29. Qf3 Rh1+ 30. Kf2 Qh4+ 31. Qg3 Qf6+ 32. Ke2 R1h2 33.
Qxc7+ Kf8 34. Qg3 R8h5 35. Rh1 Re5+ 36. Kd1 Rxh1+ 37. Bxh1 Qf1+ 38. Kc2 Re2+
39. Kb3 Qxa1 40. Qd6+ Kg8 41. Qd8+ Kg7 42. Qg5+ Kf8 43. Qc5+ Kg7 44. Qd4+ Kf8
45. Qb4+ Kg7 46. Qg4+ Kf6 47. Qxe2 Qxh1 48. Qf2+ Ke5 49. Qd4+ Kf5 50. a6 e5 51.
Qd7+ Kg5 52. a7 1-0

[Event "15. Sparkassen Open 2016 - Gruppe B"]
[Site "Forchheim"]
[Date "2016.10.03"]
[Round "5.38"]
[White "Heckel, Wolfgang"]
[Black "Drewes, Thomas"]
[Result "1/2-1/2"]
[WhiteElo "1614"]
[BlackElo "1824"]
[PlyCount "56"]
[EventDate "2016.??.??"]
[WhiteTeam "TSG Ellingen"]
[BlackTeam "SV Würzburg"]

1. d4 d5 2. Nf3 Nf6 3. Bf4 c6 4. e3 Bg4 5. h3 Bxf3 6. gxf3 e6 7. c3 Bd6 8. Be5
Qc7 9. f4 Nbd7 10. Nd2 Nb6 11. Rg1 O-O-O 12. Rxg7 Bxe5 13. fxe5 Ne8 14. Rg3 f5
15. a4 Qe7 16. a5 Nd7 17. b4 Nc7 18. Qa4 a6 19. Nb3 Nb5 20. Bxb5 axb5 21. Qa2
Rhg8 22. Nc5 Rg6 23. O-O-O Nxc5 24. bxc5 Qh4 25. Rdg1 Rdg8 26. Rxg6 Rxg6 27.
Rxg6 hxg6 28. Qe2 Qxh3 1/2-1/2

[Event "15. Sparkassen Open 2016 - Gruppe B"]
[Site "Forchheim"]
[Date "2016.10.03"]
[Round "5.39"]
[White "Wirth, Reinhard"]
[Black "Manco, Michela"]
[Result "1-0"]
[WhiteElo "1732"]
[BlackElo "1665"]
[PlyCount "61"]
[EventDate "2016.??.??"]
[WhiteTeam "SC Bergrheinfeld"]
[BlackTeam "TV Tegernsee"]

1. e4 e5 2. Nf3 Nc6 3. Bb5 a6 4. Ba4 Nf6 5. O-O b5 6. Bb3 Be7 7. Re1 O-O 8. c3
d6 9. d4 exd4 10. cxd4 Na5 11. Bc2 c5 12. b3 Qc7 13. Bb2 Rd8 14. Qe2 Bb7 15.
Na3 Rac8 16. Rac1 Qb6 17. Bb1 Nc6 18. dxc5 dxc5 19. e5 Nd5 20. Qe4 g6 21. Qg4
Nc7 22. e6 Nd4 23. exf7+ Kf8 24. Ne5 Rd6 25. Nd7+ Rxd7 26. Qxd7 Qd6 27. Qh3 h5
28. Be4 Qb6 29. Bxb7 Qxb7 30. Qd7 Bf6 31. Re8+ 1-0

[Event "15. Sparkassen Open 2016 - Gruppe B"]
[Site "Forchheim"]
[Date "2016.10.03"]
[Round "5.41"]
[White "Mooser, Nicolas"]
[Black "Lehmann, Tornalf"]
[Result "1/2-1/2"]
[WhiteElo "1832"]
[BlackElo "1675"]
[PlyCount "70"]
[EventDate "2016.??.??"]
[WhiteTeam "PSV Dorfen"]
[BlackTeam "SC Heilsbronn"]

1. Nf3 Nf6 2. g3 g6 3. Bg2 Bg7 4. O-O O-O 5. d4 d5 6. c4 c6 7. cxd5 cxd5 8. Nc3
Nc6 9. Ne5 e6 10. Nxc6 bxc6 11. Na4 Nd7 12. Bf4 e5 13. dxe5 Bxe5 14. Qd2 Re8
15. Bg5 Bf6 16. Bxf6 Nxf6 17. Rac1 Bd7 18. Nc5 Bc8 19. Rfd1 Qb6 20. e3 Rb8 21.
b3 Bf5 22. Qc3 Nd7 23. Na4 Qb5 24. Qxc6 Qe2 25. Qxd5 Qxa2 26. Rc7 Be6 27. Qd4
Nb6 28. Nxb6 axb6 29. b4 Red8 30. Qa1 Rd2 31. Rf1 Rxf2 32. Qxa2 Rxa2 33. Rd1
Re2 34. Rc3 b5 35. h3 Rb2 1/2-1/2

[Event "15. Sparkassen Open 2016 - Gruppe B"]
[Site "Forchheim"]
[Date "2016.10.03"]
[Round "5.42"]
[White "Gampper, Steffen"]
[Black "Knauer, Finn"]
[Result "1/2-1/2"]
[WhiteElo "1700"]
[BlackElo "1498"]
[PlyCount "56"]
[EventDate "2016.??.??"]
[WhiteTeam "SC Murrhardt"]
[BlackTeam "SK Weidhausen"]

1. d4 d5 2. Bf4 Nf6 3. e3 e6 4. Nd2 Be7 5. Bd3 O-O 6. Ngf3 Nbd7 7. Ne5 c5 8. c3
c4 9. Bc2 g6 10. g4 Ne8 11. h4 Ng7 12. Qf3 f5 13. Nxd7 Bxd7 14. g5 Nh5 15. Be5
Be8 16. Qg2 b5 17. Bd1 Rc8 18. Bxh5 gxh5 19. a3 Qd7 20. Nf1 Bg6 21. f4 a5 22.
Ng3 Rfd8 23. Qe2 Qe8 24. O-O a4 25. Kh2 Rd7 26. Rg1 Rcc7 27. Qd2 Bf8 28. Rg2
Bg7 1/2-1/2

[Event "15. Sparkassen Open 2016 - Gruppe B"]
[Site "Forchheim"]
[Date "2016.10.03"]
[Round "5.43"]
[White "Kolb, Tobias"]
[Black "Krumschmidt, Michael"]
[Result "0-1"]
[WhiteElo "1664"]
[BlackElo "1692"]
[PlyCount "106"]
[EventDate "2016.??.??"]
[WhiteTeam "SV Seubelsdorf"]
[BlackTeam "Hamelner SV"]

1. e4 c5 2. Nf3 d6 3. b3 Nf6 4. Nc3 a6 5. Bb2 Nc6 6. d4 cxd4 7. Nxd4 Bd7 8. Be2
g6 9. O-O Bg7 10. Nxc6 Bxc6 11. f3 O-O 12. Bd3 b5 13. Ne2 Rc8 14. c4 Qb6+ 15.
Bd4 Qb7 16. Rc1 Bh6 17. Rc2 Nd7 18. Kh1 Rfd8 19. Nc3 Nc5 20. Nd5 Ne6 21. Bf2
Bxd5 22. exd5 Nf4 23. Be3 Nxd3 24. Bxh6 Nc5 25. Re1 Re8 26. Rce2 bxc4 27. bxc4
f6 28. Bf4 Kf7 29. Qc2 Nd7 30. Re4 Ne5 31. Bg3 Qxd5 32. cxd5 Rxc2 33. f4 Nd3
34. R1e2 Rc1+ 35. Be1 Nxe1 36. Rxe1 Rxe1+ 37. Rxe1 Rb8 38. Kg1 Rb2 39. a3 Rd2
40. Rb1 Rxd5 41. Rb3 Rb5 42. Rxb5 axb5 43. Kf2 Ke6 44. Ke3 Kd5 45. Kd3 e5 46.
g3 e4+ 47. Ke3 f5 48. h3 Kc4 49. g4 d5 50. g5 d4+ 51. Kd2 Kb3 52. h4 Kxa3 53.
h5 b4 0-1

[Event "15. Sparkassen Open 2016 - Gruppe B"]
[Site "Forchheim"]
[Date "2016.10.03"]
[Round "5.45"]
[White "Eichenauer, Pascal"]
[Black "Seifert, Heinz"]
[Result "1-0"]
[WhiteElo "1878"]
[BlackElo "1650"]
[PlyCount "29"]
[EventDate "2016.??.??"]
[WhiteTeam "SV Würzburg"]
[BlackTeam "SV Lauf"]

1. e4 c5 2. Nf3 d6 3. Bb5+ Nc6 4. Bxc6+ bxc6 5. O-O Bg4 6. d3 Nf6 7. Be3 e5 8.
Nbd2 Be7 9. c3 O-O 10. Qc2 Qc7 11. d4 Rfd8 12. dxe5 dxe5 13. Ne1 Be6 14. Nb3
Ng4 15. Bd2 1-0

[Event "15. Sparkassen Open 2016 - Gruppe B"]
[Site "Forchheim"]
[Date "2016.10.03"]
[Round "5.46"]
[White "Poppe, Wolfgang"]
[Black "Gerlach, Dominique"]
[Result "1/2-1/2"]
[WhiteElo "1626"]
[BlackElo "1703"]
[PlyCount "53"]
[EventDate "2016.??.??"]
[WhiteTeam "SK Bad Neustadt"]
[BlackTeam "SK Weilheim"]

1. e4 c5 2. Nc3 Nc6 3. g3 g6 4. Bg2 Bg7 5. d3 Nf6 6. h3 O-O 7. Be3 Nd4 8. Qd2
Re8 9. Nd1 Qb6 10. c3 Nc6 11. Nf3 d6 12. O-O Bd7 13. Rb1 a5 14. b3 a4 15. b4
Qb5 16. c4 Qb6 17. a3 Nd4 18. Nxd4 cxd4 19. Bh6 Bh8 20. Kh2 Qc7 21. f4 Rac8 22.
Qf2 b5 23. Nb2 bxc4 24. Nxc4 Bb5 25. Rbc1 Qb8 26. f5 Bxc4 27. dxc4 1/2-1/2

[Event "15. Sparkassen Open 2016 - Gruppe B"]
[Site "Forchheim"]
[Date "2016.10.03"]
[Round "5.47"]
[White "Pils, Martina"]
[Black "Hohner, Karl-Heinz"]
[Result "1/2-1/2"]
[WhiteElo "1742"]
[BlackElo "1837"]
[PlyCount "139"]
[EventDate "2016.??.??"]
[WhiteTeam "SK Weilheim"]
[BlackTeam "vereinslos"]

1. b4 a5 2. b5 Nf6 3. Nf3 d5 4. Bb2 Bf5 5. a4 e6 6. g3 Bd6 7. Bg2 Qe7 8. d4 h5
9. h4 Nbd7 10. O-O O-O 11. e3 Rad8 12. Nbd2 e5 13. dxe5 Nxe5 14. Nxe5 Bxe5 15.
Bxe5 Qxe5 16. Nb3 b6 17. Qd4 Qxd4 18. Nxd4 Be4 19. Rac1 Bxg2 20. Kxg2 Ne4 21.
Rfd1 Nc3 22. Rd3 Nxa4 23. Ra3 Nc5 24. c4 Rfe8 25. cxd5 Rxd5 26. f3 g6 27. Rc2
Kg7 28. f4 Ne6 29. Nxe6+ Rxe6 30. Rxc7 Rxb5 31. Rb7 Kf6 32. Kf2 Re7 33. Rb8 Ra7
34. Kf3 Rb1 35. e4 a4 36. Ke2 b5 37. Kd2 b4 38. Kc2 Rg1 39. Rxb4 Rc7+ 40. Kb2
Rg2+ 41. Ka1 Rg1+ 42. Rb1 Rxb1+ 43. Kxb1 Rc4 44. Re3 Ke6 45. Kb2 Kd6 46. Ka3
Kc5 47. Kb2 Kd4 48. Re1 Rc3 49. Rd1+ Rd3 50. Ra1 Kxe4 51. Rxa4+ Kf5 52. Ra7 f6
53. Ra5+ Ke6 54. Ra6+ Kf7 55. Ra7+ Kf8 56. Ra6 Ke7 57. Ra7+ Ke6 58. Ra6+ Kf5
59. Ra5+ Kg4 60. Ra6 Rxg3 61. Rxf6 Kxh4 62. Kc2 Kh3 63. Kd2 h4 64. f5 gxf5 65.
Rxf5 Kg2 66. Ke2 h3 67. Rf2+ Kh1 68. Rf4 h2 69. Kf2 Rg2+ 70. Kf1 1/2-1/2

[Event "15. Sparkassen Open 2016 - Gruppe B"]
[Site "Forchheim"]
[Date "2016.10.03"]
[Round "5.48"]
[White "Albayrak, Aylin"]
[Black "Bauschke, Norman"]
[Result "0-1"]
[WhiteElo "1726"]
[BlackElo "1601"]
[PlyCount "82"]
[EventDate "2016.??.??"]
[WhiteTeam "Zabo-Eintracht Nürnberg"]
[BlackTeam "SC Höchstadt/Aisch"]

1. d4 Nf6 2. c4 g6 3. Nc3 Bg7 4. e4 d6 5. Nf3 Bg4 6. Be2 O-O 7. O-O c5 8. d5 a6
9. Bg5 h6 10. Bf4 Nh5 11. Be3 Bxc3 12. bxc3 Nf6 13. Bxh6 Re8 14. Qd3 e6 15. e5
Bf5 16. Qd2 Ne4 17. Qe3 exd5 18. cxd5 dxe5 19. g4 Bxg4 20. Qxe4 Bf5 21. Qc4 Nd7
22. Rad1 e4 23. Ng5 b5 24. Qb3 Qf6 25. f3 Qh8 26. fxe4 Qxh6 27. Nxf7 Kxf7 28.
Bf3 Bh3 29. Rf2 Kg7 30. c4 bxc4 31. Qxc4 Qe3 32. Qb3 Qg5+ 33. Kh1 Qh4 34. Qb2+
Kg8 35. Rg1 Rf8 36. Rg3 Rab8 37. Qc2 Ne5 38. Bd1 Rxf2 39. Qxf2 Qxe4+ 40. Kg1
Rb1 41. Rxh3 Kg7 0-1